MENTALLY TOUGH (Record no. 215570)
[ view plain ]
| 000 -LEADER | |
|---|---|
| fixed length control field | 00431nam a22001577a 4500 |
| 008 - FIXED-LENGTH DATA ELEMENTS--GENERAL INFORMATION | |
| fixed length control field | 250604b |||||||| |||| 00| 0 eng d |
| 020 ## - INTERNATIONAL STANDARD BOOK NUMBER | |
| International Standard Book Number | 0-87131-540-8 |
| 050 ## - LIBRARY OF CONGRESS CALL NUMBER | |
| Classification number | HF 5386 L64 1986 |
| Item number | 1 |
| 100 ## - MAIN ENTRY--PERSONAL NAME | |
| Personal name | DR JAMES E. LOEHIR |
| 245 ## - TITLE STATEMENT | |
| Title | MENTALLY TOUGH |
| 260 ## - PUBLICATION, DISTRIBUTION, ETC. | |
| Place of publication, distribution, etc. | UNITED STATE OF AMERICA |
| Name of publisher, distributor, etc. | EVANS AND COMPANY |
| Date of publication, distribution, etc. | 1986 |
| 650 ## - SUBJECT ADDED ENTRY | |
| Topical term or geographic name entry element | PERFORMANCE BASICS |
| 700 ## - ADDED ENTRY--PERSONAL NAME | |
| Personal name | PETER J. MCLAUGHLIN |
| 942 ## - ADDED ENTRY ELEMENTS (KOHA) | |
| Source of classification or shelving scheme | Library of Congress Classification |
| Koha item type | Long Loan Book |
| Withdrawn status | Lost status | Source of classification or shelving scheme | Damaged status | Not for loan | Collection | Home library | Current library | Date acquired | Inventory number | Total checkouts | Full call number | Barcode | Date last seen | Copy number | Price effective from | Koha item type |
|---|---|---|---|---|---|---|---|---|---|---|---|---|---|---|---|---|
| Library of Congress Classification | Business & Economics | Kisii University Library | Kisii University Library | 06/04/2025 | 50267 | HF 5386 L64 1986 | 000000020321 | 06/04/2025 | C.1 | 06/04/2025 | Long Loan Book |